000 00800nam a22002297a 4500
003 UA-OsUOA
001 47646
007 ta
008 20120718b un ||||| |||| 00| 0 ukr d
090 _a94(477).152 (К)/061
_bС65
942 _cBK
040 _aUA-OsUOA
_bukr
_cUA-OsUOA
_dUA-OsUOA
245 _aСорокліття Інститут св. Івана (бувшого Інститут ім. М. Грушевського) в Едмонтоні, Алберта
300 _a266 с.
955 _a4
041 _aukr
080 _a94(477).152 (К)/061
260 _aЕдмонтон
_c1959
650 7 _a9 Географія. Біографії. Історія
_2UDC
999 _c427740
_d427740